| 000 | 01231nam0a22002891 4500 | ||
|---|---|---|---|
| 001 | rc\480501 | ||
| 005 | 20260407014723.0 | ||
| 035 | _a(NLR Aleph) 005723407 | ||
| 090 |
_a7503166 _c7503166 |
||
| 100 | _a20030616d1988 |||y0rusy50 ca | ||
| 101 | 0 | _arus | |
| 102 | _aRU | ||
| 105 | _aa ||||||||| | ||
| 200 | 1 |
_aМеловая фауна Азербайджана _f[А.Г. Халилов, Г.А. Алиев, М.М. Алиев и др. _gРедкол.: Ак. А. Али-заде (отв. ред.) и др.] _gАН АзССР, Ин-т геологии им. И.М. Губкина |
|
| 210 |
_aБаку _cЭлм _d1988 |
||
| 215 |
_a454, XXII, [2] с., [84] л. ил. _cил. _d26 |
||
| 300 | _aАвт. указаны в содерж. | ||
| 320 | _aБиблиогр.: с. 433-447 (411 назв.) | ||
| 320 | _aАлф. указ.: с. 448-456 | ||
| 701 | 1 |
_aХалилов _bА.Г. _gАбдул Гамид |
|
| 702 | 1 |
_aАли-заде _bА.А.-М. оглы _gАкиф Ага-Мехти оглы _4340 |
|
| 712 | 0 | 2 |
_aИнститут геологии им. И. М. Губкина _cБаку _3RU\NLR\AUTH\8810003125 _9503475 |
| 801 | 0 |
_aRU _bNLR _gpsbo |
|
| 801 | 1 |
_aRU _bELAR _2rusmarc |
|
| 852 |
_aNLR _j90-7/671 |
||
| 942 | _cBOOK | ||
| 980 | _aNB | ||